Idioma y literatura: reflexiones de identidad
Los ejes de éste articulo son el idioma, la literatura y la identidad, en el marco de la historia de la lengua y la situación latinoamericana actual y la discusión de estos términos.
保存先:
| 第一著者: | |
|---|---|
| フォーマット: | 不明 |
| 出版事項: |
Venezuela:
Editorial de la Universidad Simón Bolivar,
|
| 主題: | |
| タグ: |
タグ追加
タグなし, このレコードへの初めてのタグを付けませんか!
|
MARC
| LEADER | 000000000a22000000004500 | ||
|---|---|---|---|
| 001 | 000053 | ||
| 022 | |a 0798'958-X | ||
| 100 | 1 | |a Mattalia, Sonia | |
| 245 | 1 | 0 | |a Idioma y literatura: reflexiones de identidad |
| 260 | |a Venezuela: |b Editorial de la Universidad Simón Bolivar, | ||
| 310 | |a semestral | ||
| 520 | |a Los ejes de éste articulo son el idioma, la literatura y la identidad, en el marco de la historia de la lengua y la situación latinoamericana actual y la discusión de estos términos. | ||
| 650 | 4 | |a LITERATURA | |
| 650 | 4 | |a IDENTIDAD LATINOAMERICANA | |
| 650 | 4 | |a CONCIENCIA | |
| 650 | 4 | |a CULTURA | |
| 650 | 4 | |a CRIOLLISMO | |
| 773 | 0 | |t Estudios: revista de investigaciones literarias | |
| 773 | 0 | |g 6 | |
| 773 | 0 | |g 1995 | |
| 773 | 0 | |g 89-103 | |
| 999 | |c 803 |d 803 | ||
